| 000 | 00911nam a22002891 4500 | ||
|---|---|---|---|
| 001 | 143758 | ||
| 003 | SpMaBN | ||
| 005 | 20250804054032.0 | ||
| 008 | 981210s1966 sp spa | ||
| 016 | 7 |
_abimoBNE20000214265 _zIND9800834531 _2SpMaBN |
|
| 035 | _a(OCoLC)432730932 | ||
| 040 |
_aSpMaBN _bspa _cCDM _dES-MaACL |
||
| 080 | _a241.513.42 | ||
| 100 |
_aSheen, Fulton J. _d1895-1979 _0XX820391 _9227301 |
||
| 245 | 1 | 0 |
_aPaz interior / _c[traducción del inglés por Juan G. de Luaces] |
| 250 | _a1ª ed. | ||
| 260 |
_aBarcelona : _bPlaneta, _c[1966] |
||
| 300 |
_a227 p. ; _c21 cm |
||
| 490 | 0 | _aColección "Razón y Fé" | |
| 650 | 7 |
_aVida cristiana _2embne _917790 |
|
| 700 | 0 |
_aLuaces, Juan G. de _d1906-1963 _9227304 |
|
| 852 |
_aES-MaACL _bR.38556 _cSPAL _jC-10452 _9148950 |
||
| 942 |
_2udc _cMONOGRAFIA |
||
| 999 |
_c143758 _d143758 |
||